| 000 | 00881nam a2200265Ia 4500 | ||
|---|---|---|---|
| 003 | OSt | ||
| 005 | 20221005113404.0 | ||
| 006 | a|||||r|||| 00| 0 | ||
| 007 | ta | ||
| 008 | 221004b |||||||| |||| 00| 0 pan d | ||
| 020 |
_a9789351121176 (hbk) _cINR 150.00 |
||
| 024 | _a38535 | ||
| 037 |
_b1015, 30/01/2018, H.K. Prakashan _cTextual |
||
| 040 |
_aCRL _cCRL _bpan |
||
| 041 |
_2pan _apan |
||
| 082 | _aO153,1NGUx, Q6 | ||
| 100 | _aਗੁਰਪ੍ਰੀਤ, ਂਚ. | ||
| 245 | 0 | _aਓਕ | |
| 260 |
_aਲੁਧਿਆਣਾ _bਚੇਤਨਾ ਪ੍ਰਕਾFਨ ਭਾਰਤ _c2016 |
||
| 300 |
_a104ਪ0 _ccm. |
||
| 650 | _a ਪੰਜਾਬੀ ਕਾਵਿ | ||
| 650 | _aਪੰਜਾਾਬੀ ਸਾਹਿਤ | ||
| 942 |
_hO153,1NGUx, Q6 _cTEXL _2cc |
||
| 999 |
_c1028021 _d1028021 |
||